[Event "Internet Section 06B g/8'+2\""]
[Site "Dos Hermanas"]
[Date "2004.03.06"]
[Round "1"]
[White "Serra, Antonio"]
[Black "Kleiman, Jake"]
[Result "0-1"]
[WhiteElo "1566"]
[BlackElo "2237"]
[PlyCount "76"]
[EventDate "2004.03.06"]
[EventType "swiss (blitz)"]
[EventRounds "9"]
[EventCountry "ESP"]
[SourceTitle "CBM 099 Extra"]
[Source "ChessBase"]
[SourceDate "2004.05.04"]
[SourceVersion "1"]
[SourceVersionDate "2004.05.04"]
[SourceQuality "1"]

1. d4 d5 2. c4 e6 3. Nf3 c5 4. dxc5 Bxc5 5. e3 Nf6 6. Nc3 Nc6 7. a3 0-0 8. Bd3 a6 9. 0-0 dxc4 10. Bxc4 b5 11. Be2 Bb7 12. b4 Bb6 13. Bb2 Qe7 14. Qc2 Rac8 15. Rad1 Rc7 16. Rd2 Rfc8 17. Qb1 Nb8 18. Rc1 Nbd7 19. Nd4 Ne5 20. Rdc2 Nc4 21. Bxc4 Rxc4 22. Nce2 Bd5 23. h3 Qb7 24. Rxc4 Rxc4 25. Rxc4 Bxc4 26. Qc1 e5 27. Nf3 Bxe2 28. Nxe5 Qc7 29. Qd2 Bc4 30. Nxc4 bxc4 31. Bxf6 gxf6 32. Qc3 Qc6 33. Kf1 Bc7 34. f4 Kg7 35. Kf2 Qe4 36. a4 Bb6 37. a5 Ba7 38. h4 Qxf4+ 0-1